Звуковой модуль; Радиомир; № 2

Մատենագիտական մանրամասներ
Parent link:Радиомир: научно-популярный журнал.— , 2001-
№ 2.— 2002.— С. 8
Հիմնական հեղինակ: Партин А.
Լեզու:ռուսերեն
Հրապարակվել է: 2002
Շարք:Бытовая радиоэлектроника
Խորագրեր:
Ձևաչափ: MixedMaterials Գրքի գլուխ
KOHA link:https://koha.lib.tpu.ru/cgi-bin/koha/opac-detail.pl?biblionumber=382699

MARC

LEADER 00000naa2a2200000 4500
001 382699
005 20231101063017.0
035 |a (RuTPU)RU\TPU\prd\6978 
090 |a 382699 
100 |a 20021001a2002 k y0rusy50 ca 
101 0 |a rus 
102 |a RU 
200 1 |a Звуковой модуль  |f А. Партин 
225 1 |a Бытовая радиоэлектроника 
461 1 |0 (RuTPU)RU\TPU\prd\1184  |t Радиомир  |o научно-популярный журнал  |d 2001- 
463 1 |0 (RuTPU)RU\TPU\prd\2433  |t № 2  |v С. 8  |d 2002 
610 1 |a модули 
610 1 |a микросхемы 
610 1 |a автоответчики 
610 1 |a автомобили 
610 1 |a сигнализация 
700 1 |a Партин  |b А. 
801 1 |a RU  |b 63413507  |c 20021001  |g PSBO 
801 2 |a RU  |b 63413507  |c 20130703  |g RCR 
942 |c BK